[Event "HUN-chT2 Szechenyi 1213"]
[Site "Hungary"]
[Date "2012.11.04"]
[Round "3.4"]
[White "Szeles, Karoly"]
[Black "Finy, Mark"]
[Result "1-0"]
[WhiteElo "2206"]
[BlackElo "1895"]
[PlyCount "33"]
[EventDate "2012.09.16"]
[EventType "team-tourn"]
[EventRounds "11"]
[EventCountry "HUN"]
[SourceTitle "EXT 2014"]
[Source "ChessBase"]
[SourceDate "2013.11.20"]
[SourceVersion "1"]
[SourceVersionDate "2013.11.20"]
[SourceQuality "1"]
[WhiteTeam "Zala Volan"]
[BlackTeam "Arboretum"]
[WhiteTeamCountry "HUN"]
[BlackTeamCountry "HUN"]

1. e4 d5 2. exd5 Qxd5 3. Nc3 Qa5 4. Nf3 Nf6 5. Be2 Bf5 6. Nd4 Ne4 7. 0-0 Nxc3 8. bxc3 Nd7 9. Rb1 Rb8 10. Rb5 Qxa2 11. Nxf5 g6 12. Ne3 Qe6 13. Re1 c6 14. Ra5 Ra8 15. Bg4 Qd6 16. Ba3 Qc7 17. Bxd7+ 1-0

[Event "HUN-chT2 Szechenyi 0910"]
[Site "Hungary"]
[Date "2010.03.21"]
[Round "8.2"]
[White "Szeles, Karoly"]
[Black "Varga, Tibor"]
[Result "1/2-1/2"]
[WhiteElo "2229"]
[BlackElo "2079"]
[PlyCount "86"]
[EventDate "2009.11.08"]
[EventType "team-tourn"]
[EventRounds "11"]
[EventCountry "HUN"]
[SourceTitle "EXT 2011"]
[Source "ChessBase"]
[SourceDate "2010.11.26"]
[SourceVersion "1"]
[SourceVersionDate "2010.11.26"]
[SourceQuality "1"]
[WhiteTeam "Zala Volan"]
[BlackTeam "HVSE Infraplan"]
[WhiteTeamCountry "HUN"]
[BlackTeamCountry "HUN"]

1. d4 Nf6 2. Nf3 c6 3. c4 d6 4. Nc3 Bf5 5. g3 Nbd7 6. Bg2 e5 7. 0-0 h6 8. Re1 Be7 9. e4 Bh7 10. b3 0-0 11. Bb2 Qc7 12. Rc1 Rad8 13. b4 Ne8 14. b5 Bf6 15. d5 c5 16. a4 Be7 17. g4 h5 18. h3 Nef6 19. Nh2 g6 20. Ne2 g5 21. Ng3 h4 22. Nf5 Bxf5 23. gxf5 Kg7 24. Kh1 Rh8 25. Bf3 Rdg8 26. Qd2 Kf8 27. a5 Nh5 28. Bxh5 Rxh5 29. Ng4 Rh7 30. Bc3 Qb8 31. f3 Bf6 32. Rg1 Be7 33. Rg2 f6 34. Rcg1 Rgg7 35. Qa2 Qc8 36. Be1 Ke8 37. Ne3 Kf8 38. Rg4 Qe8 39. Ng2 Qh5 40. Qa4 Bd8 41. Kh2 Qf7 42. Bd2 Kg8 43. Rb1 Kf8 1/2-1/2

[Event "HUN-chT2 Szechenyi 0910"]
[Site "Hungary"]
[Date "2009.05.02"]
[Round "11.2"]
[White "Ress, Tamas"]
[Black "Szeles, Karoly"]
[Result "1/2-1/2"]
[WhiteElo "2202"]
[BlackElo "2229"]
[PlyCount "93"]
[EventDate "2009.11.08"]
[EventType "team-tourn"]
[EventRounds "11"]
[EventCountry "HUN"]
[SourceTitle "EXT 2011"]
[Source "ChessBase"]
[SourceDate "2010.11.26"]
[SourceVersion "1"]
[SourceVersionDate "2010.11.26"]
[SourceQuality "1"]
[WhiteTeam "Gyor Elektromos"]
[BlackTeam "Zala Volan"]
[WhiteTeamCountry "HUN"]
[BlackTeamCountry "HUN"]

1. d4 d5 2. Nf3 c5 3. e3 Nc6 4. c4 e6 5. cxd5 exd5 6. Nc3 Nf6 7. Bd3 Bg4 8. dxc5 Bxc5 9. 0-0 0-0 10. h3 Bh5 11. Re1 Re8 12. g4 Bg6 13. Bxg6 hxg6 14. g5 Ne4 15. Qxd5 Bb4 16. Rd1 Nxc3 17. bxc3 Bxc3 18. Rb1 Qe7 19. Qc4 Ne5 20. Nxe5 Bxe5 21. f4 Rac8 22. Qe4 Bb8 23. Qxe7 Rxe7 24. Rd3 Bxf4 25. exf4 Re1+ 26. Kf2 Rexc1 27. Rxb7 R1c2+ 28. Kf3 Rxa2 29. Rdd7 Rc3+ 30. Ke4 Ra4+ 31. Rd4 Rcc4 32. Rxc4 Rxc4+ 33. Ke5 a5 34. Rb8+ Kh7 35. Ra8 f6+ 36. gxf6 gxf6+ 37. Ke6 Re4+ 38. Kf7 Rxf4 39. Rxa5 Kh6 40. Rb5 Rf3 41. Rb8 Kh7 42. Rg8 Rg3 43. Rg7+ Kh6 44. Rg8 f5 45. Kf6 Kh7 46. Rg7+ Kh8 47. Ra7 1/2-1/2

[Event "HUN-chT2 Szechenyi 0809"]
[Site "Hungary"]
[Date "2008.10.26"]
[Round "1.2"]
[White "Szeles, Karoly"]
[Black "Kiss, Robert"]
[Result "0-1"]
[WhiteElo "2252"]
[BlackElo "2112"]
[PlyCount "76"]
[EventDate "2008.10.26"]
[EventType "team-tourn"]
[EventRounds "11"]
[EventCountry "HUN"]
[SourceTitle "EXT 2010"]
[Source "ChessBase"]
[SourceDate "2010.11.25"]
[SourceVersion "1"]
[SourceVersionDate "2010.11.25"]
[SourceQuality "1"]
[WhiteTeam "Zala Volan"]
[BlackTeam "Arboretum"]
[WhiteTeamCountry "HUN"]
[BlackTeamCountry "HUN"]

1. d4 d5 2. c4 e5 3. dxe5 d4 4. e4 Nc6 5. f4 g5 6. f5 Nxe5 7. Nf3 Nxf3+ 8. Qxf3 Bb4+ 9. Nd2 h5 10. Bd3 g4 11. Qe2 Ne7 12. a3 Bxd2+ 13. Bxd2 Nc6 14. e5 Qh4+ 15. g3 Qe7 16. Bf4 Bd7 17. 0-0-0 0-0-0 18. h3 Na5 19. hxg4 hxg4 20. Rxh8 Rxh8 21. e6 Ba4 22. Re1 Nb3+ 23. Kb1 Nc5 24. exf7 Qxf7 25. f6 Nxd3 26. Qxd3 Qxf6 27. Be5 Qf2 28. Bxh8 Qxe1+ 29. Ka2 b6 30. Bxd4 Bc6 31. Bc3 Qh1 32. Qb1 Qf3 33. Qe1 Be4 34. c5 Qd3 35. cxb6 axb6 36. Ka1 Kb7 37. Ka2 Qc2 38. Ka1 Bf3 0-1

[Event "HUN-chT2 Szechenyi 0708"]
[Site "Hungary"]
[Date "2008.03.30"]
[Round "9"]
[White "Szeles, Karoly"]
[Black "Gergacz, Attila"]
[Result "0-1"]
[WhiteElo "2268"]
[BlackElo "2324"]
[PlyCount "46"]
[EventDate "2007.10.14"]
[EventType "team"]
[EventRounds "11"]
[EventCountry "HUN"]
[SourceTitle "EXT 2009"]
[Source "ChessBase"]
[SourceDate "2008.11.26"]
[SourceVersion "1"]
[SourceVersionDate "2008.11.26"]
[SourceQuality "1"]
[WhiteTeam "Zala Volan"]
[BlackTeam "Sarvar"]
[WhiteTeamCountry "HUN"]
[BlackTeamCountry "HUN"]

1. d4 Nf6 2. c4 e6 3. Nf3 d5 4. Nc3 Bb4 5. Bg5 h6 6. Bxf6 Qxf6 7. e3 0-0 8. Rc1 dxc4 9. Bxc4 c5 10. a3 cxd4 11. exd4 Bxc3+ 12. Rxc3 Nc6 13. 0-0 Rd8 14. Rd3 b6 15. d5 exd5 16. Bxd5 Bb7 17. Rd2 Rd7 18. Qa4 Rad8 19. Rfd1 Kh8 20. h3 Ne5 21. Bxb7 Nxf3+ 22. Bxf3 Rxd2 23. Rxd2 Rxd2 0-1

[Event "HUN-chT2 Szechenyi 0708"]
[Site "Hungary"]
[Date "2007.12.16"]
[Round "5"]
[White "Aczel, Gergely"]
[Black "Szeles, Karoly"]
[Result "1-0"]
[WhiteElo "2188"]
[BlackElo "2268"]
[PlyCount "53"]
[EventDate "2007.10.14"]
[EventType "team"]
[EventRounds "11"]
[EventCountry "HUN"]
[SourceTitle "EXT 2009"]
[Source "ChessBase"]
[SourceDate "2008.11.26"]
[SourceVersion "1"]
[SourceVersionDate "2008.11.26"]
[SourceQuality "1"]
[WhiteTeam "Veszprem"]
[BlackTeam "Zala Volan"]
[WhiteTeamCountry "HUN"]
[BlackTeamCountry "HUN"]

1. d4 d5 2. c4 e6 3. Nc3 c5 4. cxd5 exd5 5. Nf3 Nc6 6. g3 Nf6 7. Bg2 Be7 8. 0-0 0-0 9. b3 Ne4 10. Bb2 Bf6 11. Na4 Re8 12. Re1 b6 13. Rc1 Ba6 14. dxc5 Bxb2 15. Nxb2 bxc5 16. Na4 c4 17. Nd2 Na5 18. Nxe4 dxe4 19. Qxd8 Raxd8 20. Nc5 Bc8 21. b4 Nc6 22. Rxc4 Nd4 23. Bxe4 f5 24. Bg2 Nxe2+ 25. Kf1 f4 26. g4 Bxg4 27. f3 1-0

[Event "HUN-chT2 Szechenyi 0708"]
[Site "Hungary"]
[Date "2007.11.11"]
[Round "2"]
[White "Szeles, Karoly"]
[Black "Elo, Istvan"]
[Result "1-0"]
[WhiteElo "2268"]
[BlackElo "2138"]
[PlyCount "91"]
[EventDate "2007.10.14"]
[EventType "team"]
[EventRounds "11"]
[EventCountry "HUN"]
[SourceTitle "EXT 2009"]
[Source "ChessBase"]
[SourceDate "2008.11.26"]
[SourceVersion "1"]
[SourceVersionDate "2008.11.26"]
[SourceQuality "1"]
[WhiteTeam "Zala Volan"]
[BlackTeam "Flesch"]
[WhiteTeamCountry "HUN"]
[BlackTeamCountry "HUN"]

1. e4 c5 2. Nf3 d6 3. c3 Nf6 4. Be2 Nc6 5. d4 cxd4 6. cxd4 Nxe4 7. d5 Qa5+ 8. Nc3 Nxc3 9. bxc3 Ne5 10. Nxe5 dxe5 11. Qb3 Bd7 12. 0-0 b6 13. Be3 g6 14. a4 Bg7 15. Bb5 Rd8 16. c4 e4 17. Ra3 a6 18. Bxb6 Qd2 19. Bxa6 Rb8 20. Bb5 Bxb5 21. Qxb5+ Kf8 22. a5 Bd4 23. Qd7 Bxb6 24. axb6 Qb4 25. Ra7 Rxb6 26. Qd8+ Kg7 27. Qxe7 Qxe7 28. Rxe7 Kf6 29. Rxe4 Rc8 30. g3 Rb4 31. Rc1 g5 32. h4 h6 33. Kg2 Kf5 34. Kf3 g4+ 35. Ke3 h5 36. Kd4 f6 37. Rf4+ Kg6 38. d6 Rb2 39. Rc3 Rd8 40. c5 Rd2+ 41. Rd3 Rc2 42. Kd5 Rc8 43. Rc4 Rxf2 44. d7 Rf5+ 45. Kd6 Ra8 46. c6 1-0

[Event "HUN-chT2 Szechenyi 0607"]
[Site "Hungary"]
[Date "2007.05.20"]
[Round "11"]
[White "Szeles, Karoly"]
[Black "Moor, Sandor"]
[Result "1/2-1/2"]
[WhiteElo "2278"]
[BlackElo "2108"]
[PlyCount "59"]
[EventDate "2006.11.12"]
[EventType "team"]
[EventRounds "11"]
[EventCountry "HUN"]
[SourceTitle "EXT 2008"]
[Source "ChessBase"]
[SourceDate "2007.11.25"]
[SourceVersion "1"]
[SourceVersionDate "2007.11.25"]
[SourceQuality "1"]
[WhiteTeam "Zala Volan"]
[BlackTeam "Kertvaros"]
[WhiteTeamCountry "HUN"]
[BlackTeamCountry "HUN"]

1. Nf3 Nf6 2. c4 d5 3. cxd5 Nxd5 4. e4 Nf6 5. Nc3 c5 6. d4 cxd4 7. Qxd4 Qxd4 8. Nxd4 e5 9. Ndb5 Na6 10. Be3 Bb4 11. f3 b6 12. Kf2 0-0 13. Be2 Bc5 14. Rhd1 Bb7 15. Nd6 Bxd6 16. Rxd6 Nb4 17. Bxb6 axb6 18. Rxb6 Nc2 19. Rc1 Bxe4 20. fxe4 Nd4 21. Bf3 Rfd8 22. Rd1 h6 23. a3 Rac8 24. Rd2 Rc4 25. Ke3 Nd7 26. Rb4 Rxb4 27. axb4 Nb6 28. Be2 Rc8 29. b5 Rc5 30. Kf2 1/2-1/2

[Event "HUN-chT2 Szechenyi 0607"]
[Site "Hungary"]
[Date "2006.12.03"]
[Round "3"]
[White "Forgacs, Mihaly"]
[Black "Szeles, Karoly"]
[Result "0-1"]
[WhiteElo "2014"]
[BlackElo "2278"]
[PlyCount "74"]
[EventDate "2006.11.12"]
[EventType "team"]
[EventRounds "11"]
[EventCountry "HUN"]
[SourceTitle "EXT 2008"]
[Source "ChessBase"]
[SourceDate "2007.11.25"]
[SourceVersion "1"]
[SourceVersionDate "2007.11.25"]
[SourceQuality "1"]
[WhiteTeam "Peti MTE"]
[BlackTeam "Zala Volan"]
[WhiteTeamCountry "HUN"]
[BlackTeamCountry "HUN"]

1. e4 e5 2. c3 Nf6 3. d4 Nxe4 4. Bd3 d5 5. dxe5 Nc5 6. Nf3 Be7 7. 0-0 0-0 8. Bc2 Nc6 9. Re1 Bg4 10. h3 Bh5 11. b4 Ne4 12. Qe2 Nxe5 13. g4 Nxf3+ 14. Qxf3 Bg6 15. Bf4 f5 16. Bxe4 fxe4 17. Qg3 Bh4 18. Qe3 Qe7 19. Bg3 a5 20. Nd2 Bxg3 21. fxg3 axb4 22. cxb4 Qxb4 23. Rab1 Qd6 24. Rxb7 Rxa2 25. Rf1 Rxf1+ 26. Nxf1 h6 27. Qc3 Qf8 28. Qd4 Qf3 29. Qxd5+ Bf7 30. Rb8+ Kh7 31. Qf5+ Bg6 32. Qxf3 exf3 33. Rf8 Rg2+ 34. Kh1 Be4 35. Rf4 Re2 36. Nd2 Rxd2 37. Rxe4 Rd1+ 0-1

[Event "HUN-chT2 Szechenyi 0506"]
[Site "Hungary"]
[Date "2006.02.26"]
[Round "8"]
[White "Jonas, Zsolt"]
[Black "Szeles, Karoly"]
[Result "0-1"]
[WhiteElo "2129"]
[BlackElo "2257"]
[PlyCount "66"]
[EventDate "2005.10.16"]
[EventType "team"]
[EventRounds "11"]
[EventCountry "HUN"]
[SourceTitle "EXT 2009"]
[Source "ChessBase"]
[SourceDate "2008.11.26"]
[SourceVersion "1"]
[SourceVersionDate "2008.11.26"]
[SourceQuality "1"]
[WhiteTeam "Lovo"]
[BlackTeam "Zala Volan"]
[WhiteTeamCountry "HUN"]
[BlackTeamCountry "HUN"]

1. e4 e5 2. Nf3 d6 3. Bc4 Be7 4. 0-0 Nf6 5. Nc3 0-0 6. d4 Nbd7 7. Bb3 c6 8. h3 Qc7 9. Bg5 Re8 10. Qd2 b5 11. a3 a6 12. Rad1 Bb7 13. Rfe1 Rad8 14. Kh1 Nb6 15. Nh4 Bc8 16. dxe5 dxe5 17. Qe3 c5 18. Nd5 Nbxd5 19. Bxd5 Nxd5 20. exd5 f6 21. Bh6 gxh6 22. Qxh6 f5 23. d6 Rxd6 24. Qh5 Rf8 25. Rxd6 Qxd6 26. Re3 Bxh4 27. Qxh4 e4 28. Rg3+ Kh8 29. Qg5 Qf6 30. Qf4 c4 31. c3 Rd8 32. Kh2 Re8 33. Qc7 f4 0-1

[Event "HUN-chT2 Szechenyi 0506"]
[Site "Hungary"]
[Date "2005.11.27"]
[Round "4"]
[White "Szeles, Karoly"]
[Black "Hagymasi, Janos"]
[Result "1-0"]
[WhiteElo "2257"]
[BlackElo "2056"]
[PlyCount "54"]
[EventDate "2005.10.16"]
[EventType "team"]
[EventRounds "11"]
[EventCountry "HUN"]
[SourceTitle "EXT 2009"]
[Source "ChessBase"]
[SourceDate "2008.11.26"]
[SourceVersion "1"]
[SourceVersionDate "2008.11.26"]
[SourceQuality "1"]
[WhiteTeam "Zala Volan"]
[BlackTeam "HEMO"]
[WhiteTeamCountry "HUN"]
[BlackTeamCountry "HUN"]

1. d4 Nf6 2. c4 e6 3. Nf3 b6 4. a3 Bb7 5. Nc3 Ne4 6. Nxe4 Bxe4 7. Bf4 d6 8. Nd2 Bb7 9. e3 Nd7 10. Qh5 Nf6 11. Qh3 Qd7 12. Bd3 g6 13. 0-0 Bg7 14. Rac1 e5 15. Bg5 Qxh3 16. gxh3 exd4 17. exd4 0-0 18. c5 dxc5 19. dxc5 Rad8 20. Bc4 Rd4 21. cxb6 cxb6 22. Rfe1 Ne4 23. Nxe4 Rxe4 24. Rxe4 Bxe4 25. Re1 Bf5 26. Re7 Bxb2 27. Rxa7 Bxh3 1-0

[Event "HUN-chT2 Szechenyi 0506"]
[Site "Hungary"]
[Date "2005.11.13"]
[Round "3"]
[White "Szeles, Karoly"]
[Black "Lendvai, Edit"]
[Result "1-0"]
[WhiteElo "2257"]
[BlackElo "2146"]
[PlyCount "83"]
[EventDate "2005.10.16"]
[EventType "team"]
[EventRounds "11"]
[EventCountry "HUN"]
[SourceTitle "EXT 2009"]
[Source "ChessBase"]
[SourceDate "2008.11.26"]
[SourceVersion "1"]
[SourceVersionDate "2008.11.26"]
[SourceQuality "1"]
[WhiteTeam "Zala Volan"]
[BlackTeam "Arboretum"]
[WhiteTeamCountry "HUN"]
[BlackTeamCountry "HUN"]

1. d4 d6 2. e4 e5 3. Nf3 Nd7 4. Bc4 Be7 5. dxe5 Nb6 6. Bb3 Bg4 7. h3 Bh5 8. 0-0 Qd7 9. a4 dxe5 10. Qe2 Bxf3 11. Qxf3 Nf6 12. a5 Nc8 13. Nc3 0-0 14. Be3 c6 15. Qg3 Re8 16. Qxe5 Bb4 17. Qf5 Qxf5 18. exf5 Re5 19. a6 b6 20. g4 Nd6 21. Bf4 Re7 22. Bxd6 Bxd6 23. g5 Ne4 24. Nxe4 Rxe4 25. g6 Re5 26. gxf7+ Kf8 27. Rad1 Rd8 28. Rfe1 Re7 29. Be6 Bc7 30. Rxd8+ Bxd8 31. Kg2 Rc7 32. Kg3 c5 33. c4 Bf6 34. b3 Bd4 35. f3 Re7 36. Kf4 Bc3 37. Re2 Bd4 38. h4 Bf6 39. h5 h6 40. Ke4 Bd4 41. Kd5 Bg1 42. f6 1-0

[Event "HUN-chT2 Szechenyi 0506"]
[Site "Hungary"]
[Date "2005.10.30"]
[Round "2"]
[White "Mihalyfi, Gabor"]
[Black "Szeles, Karoly"]
[Result "0-1"]
[WhiteElo "2130"]
[BlackElo "2257"]
[PlyCount "88"]
[EventDate "2005.10.16"]
[EventType "team"]
[EventRounds "11"]
[EventCountry "HUN"]
[SourceTitle "EXT 2009"]
[Source "ChessBase"]
[SourceDate "2008.11.26"]
[SourceVersion "1"]
[SourceVersionDate "2008.11.26"]
[SourceQuality "1"]
[WhiteTeam "Ajka Banyasz"]
[BlackTeam "Zala Volan"]
[WhiteTeamCountry "HUN"]
[BlackTeamCountry "HUN"]

1. e4 e5 2. d4 exd4 3. Bc4 Nf6 4. e5 d5 5. Bb5+ Nfd7 6. Qxd4 c6 7. Bd3 Bc5 8. Qf4 Qe7 9. Nf3 f6 10. 0-0 Nxe5 11. Bd2 0-0 12. Nxe5 fxe5 13. Qg3 e4 14. Bg5 Qd6 15. Qxd6 Bxd6 16. Be2 Nd7 17. Nd2 Ne5 18. Rad1 Bc5 19. Nb3 Bb6 20. h3 Bd7 21. Be7 Rf7 22. Bd6 Re8 23. Nc5 Bc8 24. b4 Rf6 25. Bxe5 Rxe5 26. Bg4 Bxg4 27. hxg4 e3 28. fxe3 Rxe3 29. Rxf6 gxf6 30. Kf1 Rc3 31. Nd7 Rxc2 32. Nxf6+ Kf7 33. Nd7 Rf2+ 34. Ke1 Rxa2 35. b5 Ke7 36. bxc6 bxc6 37. Ne5 Kd6 38. Nc4+ Kc7 39. Ne5 Rxg2 40. Rd3 Kd6 41. Nf7+ Ke6 42. Ng5+ Ke5 43. Nxh7 Rxg4 44. Kd2 Rd4 0-1

[Event "HUN-chT2 Szechenyi 0405"]
[Site "Hungary"]
[Date "2005.01.23"]
[Round "6"]
[White "Szeles, Karoly"]
[Black "Barczay, Laszlo"]
[Result "1/2-1/2"]
[WhiteElo "2273"]
[BlackElo "2382"]
[PlyCount "23"]
[EventDate "2004.09.26"]
[EventType "team"]
[EventRounds "11"]
[EventCountry "HUN"]
[SourceTitle "EXT 2009"]
[Source "ChessBase"]
[SourceDate "2008.11.26"]
[SourceVersion "1"]
[SourceVersionDate "2008.11.26"]
[SourceQuality "1"]
[WhiteTeam "Zala Volan"]
[BlackTeam "Kertvaros"]
[WhiteTeamCountry "HUN"]
[BlackTeamCountry "HUN"]

1. e4 c6 2. d4 d5 3. Nc3 dxe4 4. Nxe4 Nf6 5. Nxf6+ exf6 6. Bc4 Qe7+ 7. Qe2 Bg4 8. Qxe7+ Bxe7 9. Ne2 Bxe2 10. Bxe2 Nd7 11. 0-0 0-0-0 12. Re1 1/2-1/2

[Event "HUN-chT2 Szechenyi 0304"]
[Site "Hungary"]
[Date "2004.03.21"]
[Round "9"]
[White "Zupe, Miran"]
[Black "Szeles, Karoly"]
[Result "1-0"]
[WhiteElo "2367"]
[BlackElo "2285"]
[PlyCount "47"]
[EventDate "2003.09.28"]
[EventType "team"]
[EventRounds "11"]
[EventCountry "HUN"]
[SourceTitle "EXT 2009"]
[Source "ChessBase"]
[SourceDate "2008.11.26"]
[SourceVersion "1"]
[SourceVersionDate "2008.11.26"]
[SourceQuality "1"]
[WhiteTeam "Lenti"]
[BlackTeam "Zala Volan"]
[WhiteTeamCountry "HUN"]
[BlackTeamCountry "HUN"]

1. e4 Nf6 2. e5 Nd5 3. d4 d6 4. Nf3 Bg4 5. Be2 c6 6. 0-0 Bxf3 7. Bxf3 dxe5 8. dxe5 e6 9. Qe2 Nd7 10. Re1 Qc7 11. h4 Bc5 12. c3 a5 13. h5 h6 14. Nd2 a4 15. Nf1 0-0 16. Bd2 b5 17. Rac1 N5b6 18. Rc2 Rae8 19. Qe4 Nd5 20. c4 f5 21. exf6 N7xf6 22. Qh4 Nb4 23. Bxb4 Bxb4 24. Ree2 1-0

[Event "HUN-chT2 Szechenyi 0304"]
[Site "Hungary"]
[Date "2004.01.25"]
[Round "6"]
[White "Szeles, Karoly"]
[Black "Majeric, Zoran"]
[Result "1/2-1/2"]
[WhiteElo "2285"]
[BlackElo "2326"]
[PlyCount "31"]
[EventDate "2003.09.28"]
[EventType "team"]
[EventRounds "11"]
[EventCountry "HUN"]
[SourceTitle "EXT 2009"]
[Source "ChessBase"]
[SourceDate "2008.11.26"]
[SourceVersion "1"]
[SourceVersionDate "2008.11.26"]
[SourceQuality "1"]
[WhiteTeam "Zala Volan"]
[BlackTeam "Lovo"]
[WhiteTeamCountry "HUN"]
[BlackTeamCountry "HUN"]

1. d4 Nf6 2. c4 e6 3. Nf3 Bb4+ 4. Bd2 c5 5. g3 Bxd2+ 6. Qxd2 cxd4 7. Bg2 d5 8. cxd5 Qxd5 9. Qxd4 0-0 10. Qxd5 Nxd5 11. 0-0 Nc6 12. Nbd2 b6 13. Rac1 Bb7 14. Nc4 Rfd8 15. Rfd1 h6 16. e4 1/2-1/2

[Event "HUN-chT2 Szechenyi 0304"]
[Site "Hungary"]
[Date "2003.12.07"]
[Round "5"]
[White "Palko, Gabriella"]
[Black "Szeles, Karoly"]
[Result "1/2-1/2"]
[WhiteElo "2084"]
[BlackElo "2285"]
[PlyCount "94"]
[EventDate "2003.09.28"]
[EventType "team"]
[EventRounds "11"]
[EventCountry "HUN"]
[SourceTitle "EXT 2009"]
[Source "ChessBase"]
[SourceDate "2008.11.26"]
[SourceVersion "1"]
[SourceVersionDate "2008.11.26"]
[SourceQuality "1"]
[WhiteTeam "Arboretum"]
[BlackTeam "Zala Volan"]
[WhiteTeamCountry "HUN"]
[BlackTeamCountry "HUN"]

1. d4 Nf6 2. c4 e6 3. Nf3 d5 4. Nc3 Be7 5. e3 0-0 6. Be2 c5 7. cxd5 exd5 8. 0-0 Nc6 9. h3 Re8 10. b3 Ne4 11. Bb2 Bf6 12. Na4 cxd4 13. Nxd4 Bd7 14. Rc1 Rc8 15. Nc5 Nxc5 16. Rxc5 Nxd4 17. Bxd4 Rxc5 18. Bxc5 Qa5 19. Qxd5 Be6 20. b4 Qc7 21. Qd2 Rd8 22. Bd4 Qb6 23. Rd1 Bxd4 24. exd4 Bd5 25. a3 h6 26. Qe3 a5 27. bxa5 Qxa5 28. Bf3 Qa4 29. Rb1 Re8 30. Qc3 Bxf3 31. Qxf3 Qxd4 32. Rxb7 Re1+ 33. Kh2 Qd6+ 34. Qg3 Qd1 35. Qb8+ Kh7 36. Qf4 Rh1+ 37. Kg3 Qd3+ 38. f3 Qg6+ 39. Qg4 Qd6+ 40. Qf4 Qg6+ 41. Kh4 Qxg2 42. Qf5+ Qg6 43. Rxf7 Rg1 44. Qxg6+ Kxg6 45. Rb7 Kf5 46. Rf7+ Ke6 47. Rb7 Kf5 1/2-1/2

[Event "HUN-chT2 Szechenyi 0203"]
[Site "Hungary"]
[Date "2003.04.06"]
[Round "10"]
[White "Szeles, Karoly"]
[Black "Amrein, Roland"]
[Result "0-1"]
[WhiteElo "2291"]
[BlackElo "2334"]
[PlyCount "104"]
[EventDate "2002.09.22"]
[EventType "team"]
[EventRounds "11"]
[EventCountry "HUN"]
[SourceTitle "EXT 2009"]
[Source "ChessBase"]
[SourceDate "2008.11.26"]
[SourceVersion "1"]
[SourceVersionDate "2008.11.26"]
[SourceQuality "1"]

1. d4 Nf6 2. c4 g6 3. Nc3 d5 4. Nf3 Bg7 5. Bg5 dxc4 6. e3 Be6 7. Be2 0-0 8. 0-0 c5 9. Qa4 Nc6 10. Rfd1 Nd5 11. Rac1 h6 12. Nxd5 hxg5 13. dxc5 Bxd5 14. e4 Qa5 15. Qxa5 Nxa5 16. exd5 Bxb2 17. Rc2 Ba3 18. Bxc4 Bxc5 19. Nxg5 Rac8 20. Bd3 Rfd8 21. Be4 Ba3 22. g4 b5 23. h4 Kg7 24. Rxc8 Rxc8 25. Rd3 Bc1 26. Nf3 Nb7 27. Rd1 Rc4 28. Kf1 Rxe4 29. Rxc1 Nd6 30. Re1 Kf6 31. Rxe4 Nxe4 32. Nd4 a6 33. Nc6 Nc3 34. g5+ Kf5 35. Nxe7+ Ke5 36. Nc6+ Kxd5 37. Nb4+ Ke4 38. Nxa6 Nxa2 39. Ke2 Nc3+ 40. Kd2 Nd5 41. Nc5+ Kf3 42. Nd3 Ke4 43. Nc5+ Kd4 44. Nb3+ Ke5 45. Nc5 Ne7 46. Nd3+ Ke4 47. f3+ Kd4 48. Nf4 b4 49. Kc2 Ke3 50. h5 gxh5 51. Nxh5 Nd5 52. Ng3 Kxf3 0-1

[Event "HUN-chT2 Szechenyi 0203"]
[Site "Hungary"]
[Date "2003.02.16"]
[Round "7"]
[White "Farkas, Gyula"]
[Black "Szeles, Karoly"]
[Result "0-1"]
[WhiteElo "2235"]
[BlackElo "2291"]
[PlyCount "106"]
[EventDate "2002.09.22"]
[EventType "team"]
[EventRounds "11"]
[EventCountry "HUN"]
[SourceTitle "EXT 2009"]
[Source "ChessBase"]
[SourceDate "2008.11.26"]
[SourceVersion "1"]
[SourceVersionDate "2008.11.26"]
[SourceQuality "1"]

1. e4 c5 2. Nf3 Nc6 3. d4 cxd4 4. Nxd4 g6 5. Nxc6 bxc6 6. Qd4 f6 7. c4 Nh6 8. Nc3 Nf7 9. Be3 Bg7 10. Be2 0-0 11. Qd2 d6 12. 0-0 Qc7 13. c5 f5 14. f3 Be6 15. Rac1 Rab8 16. b3 dxc5 17. Bxc5 Rfd8 18. Qe3 f4 19. Qf2 Rd2 20. Bxa7 Ra8 21. Bb6 Qb7 22. Na4 Rxa2 23. Nc5 Qxb6 24. Nxe6 Qxf2+ 25. Rxf2 Ne5 26. Nxf4 Rb2 27. Bf1 Rxf2 28. Kxf2 Bh6 29. g3 Ra2+ 30. Ke3 Rxh2 31. Rc5 Nd7 32. Bc4+ Kf8 33. Rxc6 e5 34. Rc7 exf4+ 35. gxf4 Ne5 36. Bd5 Rh3 37. Rxh7 Rxf3+ 38. Kd4 Bxf4 39. b4 Rd3+ 40. Kc5 Rc3+ 41. Kd4 Ra3 42. b5 Ra4+ 43. Kc5 Nd3+ 44. Kb6 Be3+ 45. Kc6 Ra7 46. Rh3 Nb4+ 47. Kd6 Bb6 48. Be6 Kg7 49. Rb3 Nc2 50. Kc6 Bg1 51. Rg3 Nb4+ 52. Kd6 Bh2 53. b6 Ra5 0-1

[Event "HUN-chT2 Szechenyi 0203"]
[Site "Hungary"]
[Date "2003.01.19"]
[Round "5"]
[White "Horvath, Imre"]
[Black "Szeles, Karoly"]
[Result "1/2-1/2"]
[WhiteElo "2271"]
[BlackElo "2291"]
[PlyCount "30"]
[EventDate "2002.09.22"]
[EventType "team"]
[EventRounds "11"]
[EventCountry "HUN"]
[SourceTitle "EXT 2009"]
[Source "ChessBase"]
[SourceDate "2008.11.26"]
[SourceVersion "1"]
[SourceVersionDate "2008.11.26"]
[SourceQuality "1"]

1. Nf3 c5 2. b3 d5 3. e3 a6 4. Bb2 Nf6 5. Be2 Nc6 6. Ne5 Nxe5 7. Bxe5 e6 8. 0-0 Be7 9. d3 0-0 10. Nd2 b5 11. Bf3 Bb7 12. a4 Qd7 13. Qe2 Bc6 14. axb5 axb5 15. e4 Qb7 1/2-1/2

[Event "HUN-chT2 Szechenyi 0203"]
[Site "Hungary"]
[Date "2002.11.24"]
[Round "3"]
[White "Biro, Sandor"]
[Black "Szeles, Karoly"]
[Result "1/2-1/2"]
[WhiteElo "2341"]
[BlackElo "2291"]
[PlyCount "67"]
[EventDate "2002.09.22"]
[EventType "team"]
[EventRounds "11"]
[EventCountry "HUN"]
[SourceTitle "EXT 2009"]
[Source "ChessBase"]
[SourceDate "2008.11.26"]
[SourceVersion "1"]
[SourceVersionDate "2008.11.26"]
[SourceQuality "1"]

1. e4 c5 2. c3 d6 3. d4 Nf6 4. Bd3 g6 5. Nf3 Bg7 6. 0-0 0-0 7. h3 a6 8. a4 cxd4 9. cxd4 Nc6 10. Nc3 Qa5 11. Be3 Bd7 12. d5 Ne5 13. Nxe5 dxe5 14. Qb3 Qc7 15. Qb4 e6 16. Bb6 Qb8 17. Bc4 exd5 18. Bxd5 Qc8 19. Kh2 Nh5 20. Be3 Rb8 21. Rac1 Qd8 22. Qd6 Bc6 23. Qxd8 Rfxd8 24. Bb6 Rd7 25. Rcd1 Nf6 26. Bxc6 bxc6 27. a5 Bf8 28. Rxd7 Nxd7 29. Na4 Bb4 30. Rd1 Nxb6 31. axb6 Ba5 32. Rd6 Bxb6 33. f3 Bd4 34. Rxc6 1/2-1/2